Lengua patria. Literatura española al alcance de los niños. Libro de lectura para la escuela

Salvato in:
Dettagli Bibliografici
Autore principale: Martínez Pineda, L. Autor
Natura: Sconosciuto
Lingua:spagnolo
Pubblicazione: Madrid,España El autor Imprenta Alemana 1915
Edizione:
Catalogo:MANES:  Risultati della ricerca del catalogo della biblioteca
Libro di testo Classificazione:
Tags: Aggiungi Tag
Nessun Tag, puoi essere il primo ad aggiungerne!!
Aggiunto a:2016-04-26
Cambiato in:2024-11-20

MARC

LEADER 000000000a22000000004500
001 21444
003 OSt
005 20241121020157.0
008 160427s sp ||||| |||| 00| 0 spa d
041 1 |a spa 
040 |c centro_manes 
691 7 |a PRI 
100 1 |a Martínez Pineda, L.  |b Autor  |9 14295 
245 0 0 |a Lengua patria. Literatura española al alcance de los niños. Libro de lectura para la escuela 
250 |a 2ª 
260 3 |a Madrid,España  |b El autor Imprenta Alemana  |c 1915 
300 |a 191 p.  |c 19 cm. 
500 |a Ilustraciones. 
690 0 |a EyL 
942 |2 ddc  |c BK 
546 |a España 
999 |c 26721  |d 26721 
999 |c manes:26721  |d 26721